Estadísticas para 15 principales países afectados por Covid19 - 29 mar 2021

Haz click aquí para intentar la prueba.

Estadísticas generales

  • Esta prueba ha sido intentada 9 veces
  • La puntuación promedio es 15 de 27

Estadísticas de respuestas

país% Correcto
España
100%
Estados Unidos
100%
Francia
100%
Italia
100%
Alemania
89%
México
89%
Argentina
78%
Brasil
78%
Países Bajos
78%
Polonia
78%
Reino Unido
78%
Bélgica
67%
Rusia
67%
India
56%
Turquía
56%
Colombia
44%
Portugal
44%
Chequia
33%
Estonia
22%
Irán
22%
Israel
22%
Lituania
22%
Suecia
22%
Baréin
11%
Eslovenia
11%
Georgia
11%
Panamá
11%

Distribución de puntuación

Porcentaje por número respondido

Porcentaje de gente con cada puntuación

Historial de tus puntuaciones

No has intentado esta prueba.